[Event "ESP-ch FEDC 29th"]
[Site "San Fernando"]
[Date "2020.11.20"]
[Round "4"]
[White "Fernandez Coya, Jose Luis"]
[Black "Ramirez Carrasco, Antonio"]
[Result "1-0"]
[WhiteElo "1594"]
[BlackElo "1779"]
[PlyCount "115"]
[EventDate "2020.11.17"]
[EventType "swiss"]
[EventRounds "7"]
[EventCountry "ESP"]
[SourceTitle "EXT 2024"]
[Source "ChessBase"]
[SourceDate "2023.10.10"]
[SourceVersion "1"]
[SourceVersionDate "2023.10.10"]
[SourceQuality "1"]

1. d4 d5 2. Bf4 Nf6 3. e3 Bf5 4. Nd2 e6 5. Ngf3 Nbd7 6. c3 Be7 7. Qb3 Nb6 8. h3 h6 9. c4 dxc4 10. Nxc4 c6 11. Be2 0-0 12. 0-0 Nfd5 13. Bg3 a5 14. Nxb6 Nxb6 15. Bd3 a4 16. Qc2 Bxd3 17. Qxd3 Nd5 18. a3 Qb6 19. Qc2 Rfc8 20. Rfc1 Qb5 21. Rab1 c5 22. Qc4 Qxc4 23. Rxc4 b5 24. Rc2 b4 25. Rbc1 b3 26. Rc4 Nb6 27. R4c3 c4 28. Nd2 Bb4 29. axb4 a3 30. bxa3 Rxa3 31. Rb1 Ra2 32. Nxb3 Nd5 33. Rcc1 c3 34. Nc5 c2 35. Ra1 Rca8 36. Rxa2 Rxa2 37. Nd3 Nc3 38. Kf1 Ne4 39. Bc7 Kf8 40. b5 Ke8 41. Ke1 Kd7 42. b6 Kc8 43. Nb4 Rb2 44. Nxc2 Nc3 45. Bg3 Kb7 46. Na3 Ne4 47. Bc7 Rxf2 48. Nc4 Rxg2 49. Kf1 Rf2+ 50. Kg1 Ra2 51. Rb1 Ra4 52. Nd6+ Nxd6 53. Bxd6 g6 54. Kf2 Ra5 55. Bc5 Ra2+ 56. Kf3 f6 57. Rb3 g5 58. Ra3 1-0

[Event "ESP-ch FEDC 28th"]
[Site "Ubeda"]
[Date "2019.11.19"]
[Round "1"]
[White "Rodriguez Gonzalez, Jaime"]
[Black "Ramirez Carrasco, Antonio"]
[Result "0-1"]
[WhiteElo "1526"]
[BlackElo "1789"]
[PlyCount "92"]
[EventDate "2019.11.19"]
[EventType "swiss"]
[EventRounds "8"]
[EventCountry "ESP"]
[SourceTitle "EXT 2024"]
[Source "ChessBase"]
[SourceDate "2023.10.10"]
[SourceVersion "1"]
[SourceVersionDate "2023.10.10"]
[SourceQuality "1"]

1. e4 e5 2. Nf3 Nc6 3. Bc4 Nf6 4. Nc3 Bc5 5. d3 d6 6. h3 h6 7. a3 a6 8. Be3 Ba7 9. Bxa7 Rxa7 10. 0-0 0-0 11. Nd5 Nxd5 12. Bxd5 Ne7 13. Ba2 Ng6 14. Kh2 Nf4 15. Rh1 Kh8 16. Ng1 f5 17. g3 Ng6 18. Nf3 fxe4 19. dxe4 Qf6 20. Kg2 c6 21. Qd2 Qxf3+ 22. Kg1 b5 23. Rh2 Qf6 24. c3 Be6 25. Bb1 Rd8 26. Qe3 Rb7 27. Bc2 Ne7 28. Rf1 d5 29. f4 d4 30. cxd4 exd4 31. Qd2 Bc4 32. e5 Qf8 33. Rf3 d3 34. Bd1 Nf5 35. e6 Qc5+ 36. Kf1 Nd4 37. Re3 Nxe6 38. Re5 Qf8 39. Bg4 Nd4 40. Qc3 Nb3 41. Rf5 Rf7 42. Rxf7 Qxf7 43. Ke1 Qe7+ 44. Kd1 Qe2+ 45. Rxe2 dxe2+ 46. Kc2 Na1+ 0-1

[Event "Tenerife-chT Primera 1819"]
[Site "Tenerife"]
[Date "2018.11.24"]
[Round "1.2"]
[White "Ramirez Carrasco, Antonio"]
[Black "Martin Hernandez, Jonas David"]
[Result "1-0"]
[WhiteElo "1779"]
[BlackElo "1849"]
[PlyCount "50"]
[EventDate "2018.11.24"]
[EventType "team-tourn"]
[EventRounds "14"]
[EventCountry "ESP"]
[SourceTitle "CBM 189 Extra"]
[Source "ChessBase"]
[SourceDate "2019.06.03"]
[SourceVersion "1"]
[SourceVersionDate "2019.06.03"]
[SourceQuality "1"]
[WhiteTeam "El Sauzal Libreria Barco"]
[BlackTeam "Puerto de la Cruz Piratas"]
[WhiteTeamCountry "ESP"]
[BlackTeamCountry "ESP"]

1. e4 c5 2. Nf3 g6 3. c3 Bg7 4. d4 cxd4 5. cxd4 d5 6. e5 Bg4 7. Nbd2 Nc6 8. h3 Bxf3 9. Nxf3 e6 10. Bd3 Nge7 11. Bd2 0-0 12. 0-0 Qb6 13. Bc3 Bh6 14. a3 a5 15. Bc2 Na7 16. b4 Nb5 17. Be1 Nc6 18. bxa5 Qa7 19. Bb4 Rfc8 20. Bc5 Qxa5 21. a4 Nc3 22. Qd3 Nb4 23. Qxc3 Nxc2 24. Qxa5 Rxa5 25. Ra2 Ra6 1-0

[Event "Madrid FEDC-ch 25th"]
[Site "Madrid"]
[Date "2016.11.13"]
[Round "8"]
[White "Mondelo Fidalgo, Antonio"]
[Black "Ramirez Carrasco, Antonio"]
[Result "1-0"]
[WhiteElo "1692"]
[BlackElo "1783"]
[PlyCount "127"]
[EventDate "2016.11.06"]
[EventType "swiss"]
[EventRounds "8"]
[EventCountry "ESP"]
[SourceTitle "CBM 175 Extra"]
[Source "ChessBase"]
[SourceDate "2016.12.12"]
[SourceVersion "1"]
[SourceVersionDate "2016.12.12"]
[SourceQuality "1"]

1. Nf3 d5 2. d4 Nf6 3. Bf4 Bf5 4. c4 c6 5. Qb3 Qb6 6. c5 Qxb3 7. axb3 e6 8. Nc3 Nbd7 9. b4 Be7 10. b5 0-0 11. h3 Ne4 12. bxc6 bxc6 13. Nxe4 Bxe4 14. Nd2 Bc2 15. Nf3 f6 16. b4 Be4 17. e3 Bxf3 18. gxf3 e5 19. Bg3 Rfb8 20. Ra4 Bd8 21. f4 Bc7 22. fxe5 fxe5 23. Kd2 a5 24. bxa5 Bxa5+ 25. Kc2 Kf7 26. Bd3 Bd8 27. Rha1 Rxa4 28. Rxa4 g6 29. Ra6 Rc8 30. Ra7 Ke6 31. Be2 h5 32. Bd3 h4 33. Bh2 g5 34. Be2 Rc7 35. Ra8 Bf6 36. Bg4+ Ke7 37. Bxd7 Rxd7 38. dxe5 Bg7 39. Rc8 d4 40. e4 d3+ 41. Kd2 Rd4 42. f3 g4 43. hxg4 Bh6+ 44. f4 Rxe4 45. Kxd3 Re1 46. g5 Bg7 47. Rc7+ Kf8 48. Rc8+ Kf7 49. Rc7+ Kg6 50. Rxc6+ Kf5 51. Rc7 Rh1 52. Rxg7 Rxh2 53. c6 Kxf4 54. c7 Rh3+ 55. Kd4 Rh1 56. e6 Rc1 57. Kd3 h3 58. Rh7 h2 59. g6 Rxc7 60. Rxh2 Re7 61. Rf2+ Kg5 62. Rg2+ Kf6 63. Kd4 Rxe6 64. g7 1-0

[Event "Linares FEDC-ch 24th"]
[Site "Linares"]
[Date "2014.11.18"]
[Round "3"]
[White "Ramirez Carrasco, Antonio"]
[Black "Zanoletty Garcia, David"]
[Result "0-1"]
[WhiteElo "1755"]
[BlackElo "1996"]
[PlyCount "86"]
[EventDate "2014.11.16"]
[EventType "swiss"]
[EventRounds "8"]
[EventCountry "ESP"]
[SourceTitle "CBM 163 Extra"]
[Source "ChessBase"]
[SourceDate "2014.12.23"]
[SourceVersion "1"]
[SourceVersionDate "2014.12.23"]
[SourceQuality "1"]

1. e4 e6 2. d4 d5 3. e5 c5 4. c3 Nc6 5. Nf3 Nge7 6. a3 Bd7 7. b4 cxd4 8. cxd4 Nf5 9. g4 Nh4 10. Be3 Be7 11. Nxh4 Bxh4 12. Bd3 Rc8 13. 0-0 a6 14. Nd2 Na7 15. a4 Be7 16. Rb1 Nc6 17. b5 Nb4 18. Be2 axb5 19. axb5 Na2 20. Rb2 Nc3 21. Qe1 0-0 22. Bd3 f5 23. exf6 Bxf6 24. Nb1 Ne4 25. f3 Bh4 26. Qe2 Ng5 27. f4 Ne4 28. g5 h6 29. Bxe4 dxe4 30. Qg4 hxg5 31. fxg5 Rxf1+ 32. Kxf1 Qf8+ 33. Ke2 e5 34. Qxh4 Qf3+ 35. Kd2 exd4 36. Qf4 dxe3+ 37. Qxe3 Qg2+ 38. Qe2 Qxg5+ 39. Qe3 Qe5 40. Nc3 Qxh2+ 41. Kc1 Qh1+ 42. Kc2 Qf3 43. Kd2 Qxe3+ 0-1